عرض عادي
عرض مارك
- Hospitals
مدخل مصطلح موضوعي
001 - رقم الضبط
- حقل الضبط: 75466
003 - معرف رقم الضبط
- حقل الضبط: OSt
005 - تاريخ ووقت أخر عملية
- حقل الضبط: 20191122174403.0
008 - عناصر بيانات ثابتة الطول
- حقل تحكم ثابت الطول: 191122|| aca||aabn | a|a d
040 ## - مصدر الفهرسة
- هيئة الفهرسة الأصلية: OSt
- وكالة الكتابة: OSt
150 ## - مدخل-- مصطلح تاريخي
- عنصر مدخل المصطلح الموضوعي او الاسم الجغرافي: Hospitals
670 ## - بيانات المصدر موجوده
- الاستشهاد بالمصدر: Work cat.: (OSt)0: Handbook of modern hospital safety /
